| 000 | 00455nam a22001097a 4500 | ||
|---|---|---|---|
| 999 |
_c330006 _d330006 |
||
| 003 | NUST | ||
| 005 | 20170606103720.0 | ||
| 008 | 140101b xxu||||| |||| 00| 0 eng d | ||
| 010 | _a2006048825 | ||
| 020 |
_a0486458903 _cAvailable |
||
| 040 |
_aDLC _bDLC _cRCMS |
||
| 082 |
_a620.1SHY _b000566 |
||
| 100 |
_aWei Shyy,H.S Udaykumar, Madhukar M. Rao ,And Richard W. Smith _91956 |
||
| 245 |
_aComputational Fluid Dynamics with Moving Boundaries _cShyy Wei |
||
| 260 |
_aNew York _bDover Publications _cc1996 |
||
| 300 |
_axvii,285,p: _bill: _c22,cm. |
||
| 538 | _iShelf No 1 Row No 3 | ||
| 650 |
_aComputational Fluid Dynamics ----- Technique.2. Computer algorithms. 3. Numerical grid generation (Numerical analysis) _91957 |
||
| 856 | _3Table of Content Only | ||
| 942 |
_2ddc _cBK |
||